| 000 | 00525cam a22002171 4500 | ||
|---|---|---|---|
| 001 | sa 65001773 | ||
| 003 | DLC | ||
| 005 | 20260227112111.0 | ||
| 008 | 890403s1964 xx 000 0 tamo | ||
| 010 | _asa 65001773 | ||
| 035 | _a(OCoLC)23559211 | ||
| 040 |
_aDLC _cMiU _dDLC |
||
| 042 | _apremarc | ||
| 050 | 0 | 0 |
_aDS432.T3 _bC35 |
| 100 | 0 | _aCentur̲aimuttu. | |
| 245 | 1 | 0 | _aPōr vītar kataikaḷ. |
| 260 | _c[1964] | ||
| 300 |
_a84 p. _c18 cm. |
||
| 500 | _aRomanized. | ||
| 650 | 0 |
_aTamil (Indic people) _vBiography. |
|
| 999 |
_c62219 _d62219 |
||